Harry Potter: le Sortilège de l'Imperium - Statistiques

Statistiques générales
  • Ce quiz a été pris 60 fois
    58 depuis la dernière actualisation
  • Le résultat moyen est 10 sur 25
Statistiques - réponses
Information Réponses % Correct
Formule Impero
93%
Dernière apparition Harry Potter et les Reliques de la Mort
88%
Première apparition Harry Potter et la Coupe de Feu
86%
Personne l'ayant subit Harry Potter
77%
Personne l'ayant subit Hermione Granger
63%
Personne l'ayant subit Ron Weasley
63%
"Groupe" auquel il appartient Sortilèges Impardonnables
58%
Personne l'ayant subit Neville Londubat
51%
Effet Contrôle total de la personne visée
47%
Type de sort Malédiction
42%
Personne l'ayant subit Seamus Finnigan
40%
Personne l'ayant subit Dean Thomas
37%
Personne l'ayant subit Pius Thicknesse
35%
Personne l'ayant subit Parvati Patil
33%
Personne l'ayant subit Barty Croupton Jr
30%
Personne l'ayant subit Barty Croupton Sr
30%
Personne l'ayant subit Lavande Brown
30%
Personne l'ayant subit Viktor Krum
28%
Personne l'ayant subit Bogrod
26%
Personne l'ayant subit Alastor Maugrey
23%
Personne l'ayant subit Katie Bell
21%
Personne l'ayant subit Amycus Carrow
14%
Personne l'ayant subit Sturgis Podmore
12%
Personne l'ayant subit Broderick Moroz
9%
Personne l'ayant subit Mme Rosmerta
0%
Aucun quiz correspondant
Distribution des résultats
% des personnes avec chaque résultat
Percentile par nombre de réponses
Votre historique - résultats
Vous n’avez pas pris ce quiz depuis la dernière actualisation